Handbook of journalism and mass communication / (Record no. 147989)

MARC details
000 -LEADER
fixed length control field 00570nam a22001937a 4500
005 - DATE AND TIME OF LATEST TRANSACTION
control field 20171214122402.0
010 ## - LCCN (DPL NO)
LC control number ENG-121875
020 ## - INTERNATIONAL STANDARD BOOK NUMBER
International Standard Book Number 9789380930930
Terms of availability 1195.00
035 ## - SYSTEM CONTROL NUMBER
System control number EN-105407
037 ## - SOURCE OF ACQUISITION
Source of stock number/acquisition DBAD/PUB
082 ## - DEWEY DECIMAL CLASSIFICATION NUMBER
Classification number 070.4
100 ## - MAIN ENTRY--PERSONAL NAME
Personal name Soni,Sudhir
245 ## - TITLE STATEMENT
Title Handbook of journalism and mass communication /
Statement of responsibility, etc by Sudhir Soni
260 ## - PUBLICATION, DISTRIBUTION, ETC. (IMPRINT)
Place of publication, distribution, etc Jaipur
Name of publisher, distributor, etc Yking books
Date of publication, distribution, etc 2013
270 ## - ADDRESS
Address H.O:18,Jain bhawan,opp.N.B.C.,Shanti nagar
City Jaipur
Postal code 302006
300 ## - PHYSICAL DESCRIPTION
Extent x,318p.
Dimensions 23cm(Hbk)
700 ## - ADDED ENTRY--PERSONAL NAME
Personal name Soni,Sudhir
942 ## - ADDED ENTRY ELEMENTS (KOHA)
Source of classification or shelving scheme Dewey Decimal Classification
Item type English Books
Classification part 070.4
Call number suffix SON
Holdings
Withdrawn status Lost status Not for loan Collection code Home library Current library Date acquired Source of acquisition Cost, normal purchase price Full call number Barcode Copy number Cost, replacement price Koha item type
    Not For Loan Non-fiction D.B.Act.Division Bawana 14/12/2017 DBAD/PUB 1195.00 070.4 SON EN-105407 1 1195.00 English Books

© Delhi Public Library
Hit Counter
free hit counter